| 000 | 00357nam a2200145Ia 4500 | ||
|---|---|---|---|
| 008 | 230917s9999||||xx |||||||||||||| ||und|| | ||
| 040 |
_e208562 _aMAIN |
||
| 041 | _aEnglish | ||
| 082 | _a547.2 A48R | ||
| 100 | _aAhluwalia, V K | ||
| 245 | 0 | _aReduction in organic synthesis | |
| 260 |
_aNew Delhi _bAne Books _c2013 |
||
| 300 | _aix, 141 p. | ||
| 942 | _cBK | ||
| 999 |
_c171834 _d171834 |
||